| 000 | 01208nam a2200325Ia 4500 | ||
|---|---|---|---|
| 001 | ebr10599203 | ||
| 003 | CaPaEBR | ||
| 006 | m u | ||
| 007 | cr cn||||||||| | ||
| 008 | 870225s1987 gw sb 001 0 eng d | ||
| 010 | _z 87005450 | ||
| 020 | _z0899250297 (U.S.) | ||
| 020 | _z9783110097450 | ||
| 020 | _z9783110858372 | ||
| 040 |
_aCaPaEBR _cCaPaEBR |
||
| 035 | _a(OCoLC)815507554 | ||
| 050 | 1 | 4 |
_aQA613.7 _b.D54 1987eb |
| 100 | 1 | _aDieck, Tammo tom. | |
| 245 | 1 | 0 |
_aTransformation groups _h[electronic resource] / _cTammo tom Dieck. |
| 260 |
_aBerlin ; _aNew York : _bW. de Gruyter, _c1987. |
||
| 300 | _ax, 311 p. | ||
| 490 | 0 |
_aDe Gruyter studies in mathematics ; _v8 |
|
| 504 | _aIncludes bibliographical references and index. | ||
| 533 |
_aElectronic reproduction. _bPalo Alto, Calif. : _cebrary, _d2011. _nAvailable via World Wide Web. _nAccess may be limited to ebrary affiliated libraries. |
||
| 650 | 0 | _aTopological transformation groups. | |
| 650 | 0 | _aLie groups. | |
| 655 | 7 |
_aElectronic books. _2local |
|
| 710 | 2 | _aebrary, Inc. | |
| 856 | 4 | 0 |
_uhttp://site.ebrary.com/lib/rucke/Doc?id=10599203 _zAn electronic book accessible through the World Wide Web; click to view |
| 999 |
_c213668 _d213668 |
||